Gente en la isla
Збережено в:
| Автор: | |
|---|---|
| Формат: | Книга |
| Мова: | Іспанська |
| Опубліковано: |
Santiago
Zig - Zag
1938
|
| Редагування: | 1a. ed |
| Серія: | Biblioteca Americana
|
| Предмети: | |
| Теги: |
Додати тег
Немає тегів, Будьте першим, хто поставить тег для цього запису!
|
MARC
| LEADER | 00000cam a2200000 a 4500 | ||
|---|---|---|---|
| 001 | UCE4946 | ||
| 003 | CL-VaPUC | ||
| 008 | 141120e19380000cl |||||||||||||||||spa|d | ||
| 082 | 0 | 4 | |a Ch863 |b AZO |2 21 |
| 100 | |a Azócar, Rubén |e author |9 505942 | ||
| 245 | 1 | 0 | |a Gente en la isla |
| 250 | |a 1a. ed | ||
| 300 | |a 364 p | ||
| 942 | |c BK | ||
| 945 | |d 20141120 11:52:00 |a arojas | ||
| 260 | |a Santiago |b Zig - Zag |c 1938 | ||
| 650 | 0 | |a Novelas chilenas |9 265425 | |
| 650 | 0 | |a Literatura chilena |9 308278 | |
| 583 | |a last modification |c 20141120 11:52:00 |k Rodrigo Vera | ||
| 490 | 0 | |a Biblioteca Americana | |
| 999 | |c 357801 |d 357799 | ||
| 952 | |0 0 |1 0 |3 erb |4 0 |6 CH_863_000000000000000_AZO_1938 |7 0 |8 X |9 465891 |a FDOBUD |b FDOBUD |i 5107830 |o Ch863 AZO 1938 |p 5107830 |r 2019-11-23 |w 2019-11-23 |y BK_X |z Catalogado en:20141120 |k BUD | ||